Theoretical subsonic derivatives for an oscillating M-wing /

Bibliographic Details
Main Author: Garner, Henry Clifford
Other Authors: Acum, Wilfred Ethelbert Aldred
Format: Book
Language:English
Published: London : Her Majesty's Stationery Office, 1961.
Series:Reports and memoranda (Aeronautical Research Council (Great Britain)) ; no. 3214.
Subjects:

MARC

Tag First Indicator Second Indicator Subfields
LEADER 00000cam a2200000 4500
001 in00000098363
005 20150925115557.0
008 800402s1961 enka b f00010 eng d
035 |a (OCoLC)06160840 
035 |9 AAL3300AM 
040 |a TXA  |c TXA  |d UtOrBLW 
049 |a TXAM  |c [1331931] 
090 |a TL526.G7  |b A4 no. 3214 
100 1 |a Garner, Henry Clifford. 
245 1 0 |a Theoretical subsonic derivatives for an oscillating M-wing /  |c by H. C. Garner and W. E. A. Acum. 
264 1 |a London :  |b Her Majesty's Stationery Office,  |c 1961. 
300 |a 27 pages :  |b illustrations 
336 |a text  |b txt  |2 rdacontent 
337 |a unmediated  |b n  |2 rdamedia 
338 |a volume  |b nc  |2 rdacarrier 
490 1 |a [Great Britain] Aeronautical Research Council. Reports and memoranda,  |v no. 3214 
500 |a Cover title. 
504 |a Bibliography: page 17. 
650 0 |a Airplanes  |x Wings. 
650 0 |a Aerodynamics. 
700 1 |a Acum, Wilfred Ethelbert Aldred. 
830 0 |a Reports and memoranda (Aeronautical Research Council (Great Britain)) ;  |v no. 3214. 
999 |a MARS 
999 f f |s 60668cdb-375f-321a-a0cc-0366293823ab  |i faae4e41-6c4d-364b-98c7-412d29619eb2  |t 0 
952 f f |p ric  |a Texas A&M University  |b Rellis Campus  |c Joint Library Facility  |d Remote Storage  |t 0  |e TL526.G7 A4 no. 3214  |h Library of Congress classification  |i unmediated -- volume  |m A14805535073 
998 f f |a TL526.G7 A4 no. 3214  |t 0  |l Remote Storage